Badly described Games - Statistics

General Stats
  • This quiz has been taken 27 times
  • The average score is 10 of 33
Answer Stats
Hint Answer % Correct
Midget dodges beer kegs Donkey Kong
72%
World of cuboids Minecraft
72%
Wacky characters race against each other Mario Kart
61%
Skirt-wearing boy explores country The Legend of Zelda
61%
Space war characters collect plastic studs Lego Star Wars
50%
Ghosts frighten young man in big house Luigi’s mansion
50%
Human converses with humanoid animals Animal Crossing
44%
Angry man fights demons Doom
44%
American shenanigans GTA
44%
Animal abuse at its peak Pokémon
44%
Spinning mammal collects golden hoops Sonic the Hedgehog
44%
Nukes are prevalent and somehow people are alive Fallout
39%
Ultra realistic cowboy adventure Red Dead Redemption
39%
Mutated freak swings around city Spiderman
39%
Crappy minigames for 8 year olds Roblox
33%
Astronauts play cleudo Among Us
22%
Cheese pizza escapes spirits PACMAN
22%
Teleport doors with fake desert Portal
22%
Middle-aged man with dungarees Super Mario
22%
Crash test dummies reenact war TABS
22%
Coloured blobs wrestle Gang beasts
17%
Blocks die to lines Tetris
17%
Football for fatties FIFA
11%
Monster horror cash-grab series Resident Evil
11%
Japanese models and Americans punch one another Street Fighter
11%
Cartoon characters hit each other Super Smash Bros
11%
Avatars play games in Leisure centre Wii Sports
11%
Robots explore building Five Nights at Freddy’s
6%
Costumed mascots fall from sky Fortnite
6%
Living Sphere bounces to victory Kirby
6%
Quiet knoll Silent Hill
6%
Plumber survives without oxygen Super Mario Galaxy
6%
Card game about attacking buildings with medieval stuff Clash
0%
No matching quizzes found
Score Distribution
Percent of People with Each Score
Percentile by Number Answered
Your Score History
You have not taken this quiz